000 00347nam a2200133Ia 4500
008 201214s9999 xx 000 0 und d
100 _aTrade and Technical Press Ltd.
245 0 _aHandbook of Industrial Safety and Health
260 _aLondon
260 _bModern Trade and Technical Press Ltd.
260 _c1980
300 _a576
942 _cBK
999 _c5731
_d5731